Introduction to PASCAL (Record no. 33798)
[ view plain ]
| 000 -LEADER | |
|---|---|
| fixed length control field | 00312nam a2200145Ia 4500 |
| 082 ## - DEWEY DECIMAL CLASSIFICATION NUMBER | |
| Classification number | 1.6424 |
| Item number | WEL/EL |
| 100 ## - MAIN ENTRY--PERSONAL NAME | |
| Personal name | Welsh/Jim/ Elder/J |
| 245 ## - TITLE STATEMENT | |
| Title | Introduction to PASCAL |
| 260 ## - PUBLICATION, DISTRIBUTION, ETC. | |
| Name of publisher, distributor, etc. | prentice hall |
| Place of publication, distribution, etc. | New Delhi |
| Date of publication, distribution, etc. | 1987 |
| 300 ## - PHYSICAL DESCRIPTION | |
| Extent | 307 |
| 546 ## - LANGUAGE NOTE | |
| Language note | ENGLISH |
| 654 ## - SUBJECT ADDED ENTRY--FACETED TOPICAL TERMS | |
| Focus term | pascal |
| 942 ## - ADDED ENTRY ELEMENTS (KOHA) | |
| Koha item type | BOOK |
| Withdrawn status | Lost status | Damaged status | Not for loan | Collection | Home library | Current library | Date acquired | Cost, normal purchase price | Total Checkouts | Full call number | Barcode | Date last seen | Cost, replacement price | Price effective from | Koha item type |
|---|---|---|---|---|---|---|---|---|---|---|---|---|---|---|---|
| CRC | Fr. Agnel's C.Rodrigues College of Engineering | Fr. Agnel's C.Rodrigues College of Engineering | 17/03/2023 | 49.00 | 1.6424 WEL/EL | 1461 | 17/03/2023 | 49.00 | 17/03/2023 | BOOK | |||||
| CRC | Fr. Agnel's C.Rodrigues College of Engineering | Fr. Agnel's C.Rodrigues College of Engineering | 17/03/2023 | 49.00 | 1.6424 WEL | 1464 | 17/03/2023 | 49.00 | 17/03/2023 | BOOK |